| 000 | 00692cam a22001812 4500 | ||
|---|---|---|---|
| 001 | 0000023443 | ||
| 005 | 20151217161557.0 | ||
| 008 | 121129s xx 000 0 eng d | ||
| 100 | 1 |
_aChemitei, Leah Jeruto. _@0000182836 |
|
| 245 | 1 | 4 |
_aThe role of product innovations in creating competitive advantage : _ba case of microfinance institutions in Nakuru town / _cLeah Jeruto Chemitei. |
| 260 |
_aNakuru : _bKabarak University, _c2012. |
||
| 300 |
_aix, 64leaves + _e1 CD-ROM. |
||
| 502 | _aThesis (MBA) - Kabarak University, 2012. | ||
| 650 | 0 |
_aMicrofinance _xmanagement. _zKenya. _@0000182837 |
|
| 908 | _a121129 | ||
| 950 | _@1 | ||
| 999 |
_c15380 _d15380 |
||